[Event "VIE-ch U11"]
[Site "Hanoi"]
[Date "2022.06.11"]
[Round "1"]
[White "Lai, Nguyen Manh Dung"]
[Black "Nguyen, Quang Minh1"]
[Result "0-1"]
[WhiteElo "2396"]
[BlackElo "2387"]
[PlyCount "108"]
[EventDate "2022.06.11"]
[EventType "swiss"]
[EventRounds "7"]
[EventCountry "VIE"]
[SourceTitle "EXT 2023"]
[Source "ChessBase"]
[SourceDate "2022.10.05"]
[SourceVersion "1"]
[SourceVersionDate "2022.10.05"]
[SourceQuality "1"]

1. d4 d5 2. c4 e6 3. Nc3 Nf6 4. Bg5 Be7 5. Nf3 0-0 6. e3 b6 7. Be2 Bb7 8. 0-0 Nbd7 9. Rc1 dxc4 10. Bxc4 Nd5 11. Bxe7 Qxe7 12. Re1 N7f6 13. Bd3 Rfd8 14. Qe2 a6 15. Bb1 Rac8 16. e4 Nf4 17. Qe3 Ng6 18. Red1 h6 19. h3 b5 20. a3 Nd7 21. b4 Nb6 22. Ba2 Kh7 23. e5 Bd5 24. Bxd5 exd5 25. Nd2 f6 26. f4 fxe5 27. fxe5 Nc4 28. Nxc4 bxc4 29. Na4 Ra8 30. Nc5 a5 31. Nb7 axb4 32. Nxd8 Rxa3 33. Qe1 Ra2 34. Ra1 Rc2 35. Rd2 Rxd2 36. Qxd2 c3 37. Qc2 Qxd8 38. Qb3 Qg5 39. Qxb4 Qd2 40. e6 Nh4 41. Qb1+ c2 42. Qf1 Qxd4+ 43. Kh1 Ng6 44. Rc1 Qd2 45. Kg1 d4 46. Kh2 d3 47. Re1 Ne7 48. Ra1 c5 49. h4 Qc3 50. h5 d2 51. Qf4 Qd4 52. Qf7 Qd6+ 53. Kh3 c1Q 54. Ra7 Qc3+ 0-1